000
00374nam a2200145Ia 4500
008
191206s9999 xx 000 0 und d
020
_a
312072619
090
_a
KF277.438
245
0
_a
Joseph Conrad: text and context
260
_a
St. Martin's Press
260
_b
Writers in their time
260
_c
c1992
300
_a
"xii, 198 p. ; 23 cm."
999
_c
16296
_d
16296